Cardiovascular Anesthesia /

Bibliographic Details
Main Author: Lake, Carol L.
Corporate Author: SpringerLink (Online service)
Format: eBook
Language:English
Published: New York, NY : Springer New York, 1985.
Subjects:
Online Access:Connect to the full text of this electronic book

MARC

Tag First Indicator Second Indicator Subfields
LEADER 00000cam a2200000Mi 4500
001 in00003575439
006 m o d
007 cr mnu---uuaaa
008 121227s1985 nyu o 000 0 eng
005 20260420201234.8
020 |a 9781461250487 (electronic bk.) 
020 |a 146125048X (electronic bk.) 
020 |z 9781461295402 
020 |z 1461295408 
035 |a (OCoLC)852788301 
040 |a AU@  |b eng  |c AU@  |d OCLCO  |d OCLCQ  |d GW5XE  |d OCLCF  |d UtOrBLW 
049 |a TXAM 
050 4 |a RD78.3-87.3 
072 7 |a MMB  |2 bicssc 
072 7 |a MED006000  |2 bisacsh 
082 0 4 |a 617.96  |2 23 
100 1 |a Lake, Carol L. 
245 1 0 |a Cardiovascular Anesthesia /  |c by Carol L. Lake. 
264 1 |a New York, NY :  |b Springer New York,  |c 1985. 
300 |a 1 online resource (467 pages) 
336 |a text  |b txt  |2 rdacontent 
337 |a computer  |b c  |2 rdamedia 
338 |a online resource  |b cr  |2 rdacarrier 
500 |a Electronic resource. 
650 0 |a Medicine. 
650 0 |a Anesthesiology. 
650 0 |a Critical care medicine. 
650 0 |a Cardiology. 
650 0 |a Heart  |x Surgery. 
650 0 |a Blood-vessels  |x Surgery. 
650 7 |a Anesthesiology.  |2 fast  |0 (OCoLC)fst00808683 
650 7 |a Blood-vessels  |x Surgery.  |2 fast  |0 (OCoLC)fst00834862 
650 7 |a Cardiology.  |2 fast  |0 (OCoLC)fst00847121 
650 7 |a Critical care medicine.  |2 fast  |0 (OCoLC)fst00883647 
650 7 |a Heart  |x Surgery.  |2 fast  |0 (OCoLC)fst00953666 
650 7 |a Medicine.  |2 fast  |0 (OCoLC)fst01014893 
655 7 |a Electronic books.  |2 local 
710 2 |a SpringerLink (Online service) 
776 1 8 |i Print version:  |z 9781461295402 
856 4 0 |u http://proxy.library.tamu.edu/login?url=https://link.springer.com/10.1007/978-1-4612-5048-7  |z Connect to the full text of this electronic book  |t 0 
994 |a 92  |b TXA 
999 |a MARS 
999 f f |s 32f1329b-5d8d-3b0b-bccf-f20d21ef9116  |i 34079b64-605c-3906-8f36-a7fda371643f  |t 0 
952 f f |a Texas A&M University  |b College Station  |c Electronic Resources  |s www_evans  |d Available Online  |t 0  |e RD78.3-87.3  |h Library of Congress classification 
998 f f |a RD78.3-87.3  |t 0  |l Available Online